000 01103cam a2200289 a 4500
005 20190610090417.0
008 190610r2005 njuad r 001 0ceng d
010 _a2004040853
015 _aNNN
020 _a0471676233
020 _a9780471676232
040 _aCO-BoUCM
_cSaul Niño
_dSaul Niño
041 0 _aeng
060 _aQT 36.2
100 1 _aPrutchi, David
_996995
245 1 0 _aDesign and development of medical electronic instrumentation
_ba practical perspective of the design, construction, and test of medical devices
_cDavid Prutchi and Michael Norris
260 _aHoboken, New Jersey
_bWiley-Interscience
_bJohn Wiley & Sons
_c2005
300 _axv, 461 páginas
_bilustraciones, diagramas, gráficas y tablas
546 _aTexto en inglés
650 7 _aElectrónica médica
_913981
650 7 _aIngeniería biomédica
_917611
650 7 _aIndustria de equipos para diagnóstico
_917393
650 7 _aMedicina
_97820
_vAparatos e instrumentos
700 1 _aNorris, Michael
_996996
942 _2NLM
_a15
_cLIBRORESER
_e1
_hQT 36.2
_mP972d
999 _c312244
_d312244